000 00526nam a2200169Ia 4500
008 110201s9999 xx 000 0 und d
082 _bB2391
_aBAL 266
100 _aमहाजन लैला
245 _aदरीतला दणका
260 _bमॅजेस्टिक प्रकाशन
365 _b10
600 _aमहाजन लैला
630 _aदरीतला दणका
700 _aमहाजन लैला
730 _aदरीतला दणका
942 _cBOOK
999 _c829389
_d829386